000 00622nam a2200193 i 4500
001 80388
003 ES-MaACL
007 t|
008 041027s1974 sp ||||1| spa d
100 1 _aHodgett, Gerald A. J.
_963897
245 1 0 _aHistoria social y económica de la Europa medieval /
_cGerald A.J. Hodgett ; versión de Javier Faci Lacasta.
260 _a[Madrid] :
_bAlianza,
_c[1974]
300 _a246 p. ;
_c20 cm.
490 1 _aAlianza universidad ;
_v90
700 1 _aFaci Lacasta, Javier.
_948597
830 0 _aAlianza universidad ;
_v90
_9177276
852 _aES-MaACL
_jE-6367
_bR.90778
999 _c80388
_d80388